Państwa Europy według ilości obiektów na "liście UNESCO" - Statystyki

Ogólne statystyki
  • Ten quiz został rozwiązany 36 razy
  • Średni wynik to 14 z 15
Statystyki odpowiedzi
Ilość obiektów Państwo % Poprawnych
52 Francja
97%
50 Hiszpania
97%
59 Włochy
97%
16 Belgia
93%
54 Niemcy
93%
17 Polska
93%
39 Wielka Brytania
93%
12 Austria
90%
12 Holandia
90%
19 Grecja
86%
17 Portugalia
86%
21 Rosja
86%
13 Szwajcaria
86%
15 Szwecja
86%
17 Czechy
83%
Nie znaleziono quizów pasujących do podanych kryteriów
Rozkład punktacji
Procent ludzi z każdym wynikiem
Percentyl według liczby udzielonych odpowiedzi
Twoja historia wyników
Nie rozwiązałeś tego quizu